[Event "MCech mladeze 2018 - HD14"]
[Site "Harrachov"]
[Date "2018.10.31"]
[Round "5"]
[White "Langmajer, Jan"]
[Black "Husa, Daniel"]
[Result "1-0"]
[WhiteElo "1464"]
[BlackElo "1605"]
[PlyCount "116"]
[EventDate "2018.10.27"]

1. e4 c5 2. Nf3 e6 3. d4 cxd4 4. Nxd4 Nf6 5. Nc3 Nc6 6. Ndb5 Bb4 7. a3 Bxc3+ 8.
Nxc3 d5 9. exd5 exd5 10. Bd3 d4 11. Ne2 O-O 12. O-O Bg4 13. f3 Bh5 14. Nf4 Bg6
15. Nxg6 hxg6 16. Bd2 Re8 17. Re1 Qd7 18. Bg5 Ne5 19. Bh4 Nd5 20. Bf2 Nf4 21.
Re4 Nexd3 22. cxd3 Rxe4 23. fxe4 Rc8 24. Qd2 Ne6 25. Rc1 Rc6 26. Rc2 Qc8 27.
Rxc6 Qxc6 28. h3 Qc5 29. Be1 b6 30. Bf2 Qc7 31. Kh1 Qc5 32. Kg1 a5 33. Kh1 Nd8
34. Be1 Nc6 35. Bg3 Kf8 36. Kg1 g5 37. Kh1 b5 38. Be1 Ke7 39. b4 axb4 40. axb4
Qe5 41. Kg1 Nd8 42. Bf2 Ne6 43. Kh1 Qc7 44. Be1 Qc6 45. Kg1 Qa6 46. Qb2 Nf4 47.
Qc2 Kd7 48. Bg3 Qa1+ 49. Kh2 Qc3 50. Qf2 Qxb4 51. Bxf4 gxf4 52. Qxf4 Qd6 53. e5
Qd5 54. Qg4+ Kc7 55. Qg5 Qe6 56. Qf4 Qd5 57. e6+ Qd6 58. Kg3 b4 1-0

[Event "MCech mladeze 2018 - HD14"]
[Site "Harrachov"]
[Date "2018.10.31"]
[Round "5"]
[White "Juchelka, Marek"]
[Black "Vestfal, Jan"]
[Result "1-0"]
[WhiteElo "1453"]
[BlackElo "1593"]
[PlyCount "77"]
[EventDate "2018.10.27"]

1. e4 c5 2. Nf3 e6 3. d4 cxd4 4. Nxd4 Nc6 5. Be3 Qc7 6. Nb5 Qb8 7. N1c3 a6 8.
Nd4 Nf6 9. a3 b5 10. Qd2 b4 11. axb4 Bxb4 12. f3 O-O 13. Bc4 Bb7 14. O-O Bd6
15. h3 Nh5 16. Nxc6 dxc6 17. f4 e5 18. f5 c5 19. Nd5 Ng3 20. Rf3 Nxe4 21. Qd3
Nf6 22. Nxf6+ gxf6 23. Rg3+ Kh8 24. Bh6 e4 25. Bg7+ Kg8 26. Rg4 Bh2+ 27. Kh1 h5
28. Qe3 Bf4 29. Rxf4 Kxg7 30. Qg3+ Kh6 31. Qh4 Kg7 32. Qg3+ Kh6 33. Bxf7 Rg8
34. Bxg8 Qxg8 35. Qe3 Qg5 36. h4 Qg8 37. Rxe4+ Kh7 38. Re7+ Kh8 39. Qh6+ 1-0

[Event "MCech mladeze 2018 - HD14"]
[Site "Harrachov"]
[Date "2018.10.31"]
[Round "5"]
[White "Matejicek, Vojtech"]
[Black "Ocelak, Jakub"]
[Result "1-0"]
[WhiteElo "1588"]
[BlackElo "1472"]
[PlyCount "67"]
[EventDate "2018.10.27"]

1. d4 Nf6 2. c4 g6 3. Nf3 Bg7 4. Nc3 d5 5. cxd5 Nxd5 6. Bg5 c5 7. Rc1 Nxc3 8.
bxc3 Qa5 9. Qd2 cxd4 10. cxd4 Qxd2+ 11. Bxd2 Nc6 12. e3 a6 13. Bc4 O-O 14. O-O
Bd7 15. Ng5 Na7 16. Bb4 Nc6 17. Bc5 h6 18. Ne4 Na5 19. Bd5 Rfe8 20. Nc3 e5 21.
Rfd1 Rac8 22. Ne4 exd4 23. Nd6 dxe3 24. Bxf7+ Kh7 25. Bxe8 exf2+ 26. Kxf2 Rxe8
27. Nxe8 Bxe8 28. Re1 Bd7 29. Re7 Bf5 30. Bd4 Nc6 31. Rxg7+ Kh8 32. Rxc6 bxc6
33. Rxg6+ Kh7 34. Rg7+ 1-0

[Event "MCech mladeze 2018 - HD14"]
[Site "Harrachov"]
[Date "2018.10.31"]
[Round "5"]
[White "Stocek, Martin"]
[Black "Machacek, Jan"]
[Result "1-0"]
[WhiteElo "1575"]
[BlackElo "1462"]
[EventDate "2018.10.27"]
[PlyCount "39"]

1. d4 Nf6 2. c4 e6 3. Nc3 Bb4 4. Bg5 h6 5. Bd2 c5 6. Nf3 O-O 7. e3 Qc7 8. Bd3
Nc6 9. a3 cxd4 10. exd4 Bxc3 11. bxc3 b6 12. O-O Na5 13. Ne5 d6 14. Ng4 Ne8 15.
Nxh6+ gxh6 16. Bxh6 Ng7 17. Bxg7 Kxg7 18. Qg4+ Kf6 19. Qh4+ Kg7 20. Qg5+ 1-0

[Event "MCech mladeze 2018 - HD14"]
[Site "Harrachov"]
[Date "2018.10.31"]
[Round "5"]
[White "Podlipsky, Petr"]
[Black "Pulpan, Ondrej"]
[Result "1/2-1/2"]
[WhiteElo "1460"]
[BlackElo "1571"]
[EventDate "2018.10.27"]
[PlyCount "62"]

1. d4 f5 2. c4 Nf6 3. Nc3 e6 4. Bg5 Be7 5. Nf3 d5 6. e3 c6 7. Bd3 O-O 8. O-O
Nbd7 9. cxd5 cxd5 10. Rc1 a6 11. Qb3 h6 12. Bf4 Nh5 13. Be5 Nhf6 14. Ne2 Nxe5
15. Nxe5 Nd7 16. Nxd7 Bxd7 17. Rc3 Bd6 18. Rfc1 Bc6 19. h3 Qd7 20. Qd1 Bb4 21.
R3c2 Bd6 22. Qe1 Ba4 23. b3 Bc6 24. a4 Qe7 25. Rb1 Bb4 26. Nc3 Bd7 27. Qd1 Rfc8
28. Na2 Rxc2 29. Bxc2 Bd6 30. Rc1 Rc8 31. Bd3 Rxc1 1/2-1/2

[Event "MCech mladeze 2018 - HD14"]
[Site "Harrachov"]
[Date "2018.10.31"]
[Round "5"]
[White "Handlovsky, Jachym"]
[Black "Vaclavik, Jan"]
[Result "0-1"]
[WhiteElo "1233"]
[BlackElo "1544"]
[EventDate "2018.10.27"]
[PlyCount "64"]

1. e4 c5 2. Nf3 Nc6 3. d4 cxd4 4. Nxd4 g6 5. Nc3 Bg7 6. Be3 Nf6 7. Bc4 O-O 8.
Bb3 a5 9. Qd2 a4 10. Bxa4 Nxe4 11. Nxe4 Rxa4 12. c3 Ne5 13. b3 Ra8 14. Bh6 d5
15. Bxg7 Kxg7 16. Ng5 h6 17. Ngf3 Ng4 18. h3 Nf6 19. O-O Re8 20. Qd3 e5 21. g4
exd4 22. g5 hxg5 23. Nxg5 Ne4 24. Qxd4+ Qf6 25. Nxe4 Qxd4 26. cxd4 Rxe4 27. Kh2
Rxd4 28. Rg1 Rd2 29. Rg2 Raxa2 30. Rf1 Bd7 31. h4 Bb5 32. Kg3 Bxf1 0-1

[Event "MCech mladeze 2018 - HD14"]
[Site "Harrachov"]
[Date "2018.10.31"]
[Round "5"]
[White "Strnadova, Monika"]
[Black "Martinkova, Magdalena"]
[Result "1-0"]
[WhiteElo "1532"]
[BlackElo "1395"]
[EventDate "2018.10.27"]
[PlyCount "39"]

1. d4 Nf6 2. Bf4 g6 3. e3 Bg7 4. Nf3 O-O 5. Nc3 d6 6. Qd2 Nbd7 7. O-O-O Qe8 8.
e4 e5 9. dxe5 dxe5 10. Bg3 Nh5 11. Bc4 Nxg3 12. hxg3 c5 13. Rh2 Nf6 14. Rdh1 h5
15. Qg5 Kh7 16. Kb1 Ng4 17. Rxh5+ gxh5 18. Qxh5+ Nh6 19. Ng5+ Kg8 20. Qg6 1-0

[Event "MCech mladeze 2018 - HD14"]
[Site "Harrachov"]
[Date "2018.10.31"]
[Round "5"]
[White "Gloser, Tomas"]
[Black "Habenicht, Martin"]
[Result "1-0"]
[WhiteElo "1316"]
[BlackElo "1729"]
[PlyCount "85"]
[EventDate "2018.10.27"]

1. e4 d5 2. exd5 Nf6 3. c4 c6 4. d4 cxd5 5. Nc3 Nc6 6. Nf3 Bg4 7. Be2 e6 8. Bg5
Be7 9. O-O O-O 10. Rc1 dxc4 11. Bxc4 Rc8 12. Be2 h6 13. Bh4 Bxf3 14. Bxf3 Nxd4
15. Bxb7 Rb8 16. Ba6 Rxb2 17. Bg3 Nf5 18. Be5 Rb6 19. Bd3 Bd6 20. Bxf6 Qxf6 21.
Ne4 Qe7 22. Nxd6 Rxd6 23. Qf3 Nd4 24. Qe4 f5 25. Qe3 e5 26. Rfe1 Re8 27. Rc5 e4
28. Bc4+ Kh8 29. Qf4 g5 30. Qe3 Qf6 31. Qg3 Rc6 32. Rxc6 Qxc6 33. Qc3 Qf6 34.
Qa5 Rc8 35. Bf1 Nc6 36. Qa6 Rb8 37. Rc1 Rb6 38. Qc8+ Kg7 39. Qd7+ Qf7 40. Qd2
Kg6 41. Qd6+ Qf6 42. Qa3 Qe7 43. Rxc6+ 1-0

[Event "MCech mladeze 2018 - HD14"]
[Site "Harrachov"]
[Date "2018.10.31"]
[Round "5"]
[White "Markova, Karolina"]
[Black "Ruzicka, Filip"]
[Result "0-1"]
[WhiteElo "1397"]
[BlackElo "1699"]
[EventDate "2018.10.27"]
[PlyCount "130"]

1. e4 b6 2. d4 Bb7 3. Nc3 e6 4. Nf3 Bb4 5. Bd3 Nf6 6. Bg5 h6 7. Bxf6 Qxf6 8.
O-O Qd8 9. a3 Be7 10. Re1 c6 11. Qe2 d5 12. exd5 cxd5 13. Ne5 O-O 14. Qg4 Bf6
15. f4 Ba6 16. Nb5 Bxe5 17. fxe5 Bxb5 18. Bxb5 a6 19. Bd3 Qg5 20. Qxg5 hxg5 21.
Re3 Nc6 22. c3 Na5 23. Rg3 Nb3 24. Re1 b5 25. Rxg5 Rab8 26. Rd1 Rfc8 27. Rh5 g6
28. Rh4 Rc7 29. Bc2 Na5 30. Rd3 Kg7 31. Rdh3 Rg8 32. Rh7+ Kf8 33. Bd3 Nb3 34.
Rg3 Re7 35. h4 Nc1 36. Bf1 Rb7 37. Rf3 a5 38. g3 Nb3 39. Bh3 Rg7 40. Rxg7 Kxg7
41. Rf2 b4 42. axb4 axb4 43. Kf1 bxc3 44. bxc3 Rc7 45. Kg2 Rxc3 46. g4 Nxd4 47.
h5 Rc2 48. Rxc2 Nxc2 49. hxg6 Kxg6 50. Kg3 Kg5 51. Bf1 Nd4 52. Bd3 Nc6 53. Bb1
Nxe5 54. Bc2 Nxg4 55. Kf3 f5 56. Bb3 Nf6 57. Ba4 e5 58. Ke3 f4+ 59. Kd3 Kg4 60.
Bd1+ Kg3 61. Kd2 e4 62. Ke2 d4 63. Ke1 Ng4 64. Be2 f3 65. Bb5 f2+ 0-1

[Event "MCech mladeze 2018 - HD14"]
[Site "Harrachov"]
[Date "2018.10.31"]
[Round "5"]
[White "Bauer, Jan"]
[Black "Cuvala, Tibor"]
[Result "1-0"]
[WhiteElo "1620"]
[BlackElo "1344"]
[EventDate "2018.10.27"]
[PlyCount "43"]

1. d4 Nf6 2. Nf3 g6 3. Bf4 Bg7 4. Nc3 d5 5. e3 c6 6. Be2 Nbd7 7. Ne5 O-O 8. h4
h5 9. f3 Nh7 10. Qd3 Qb6 11. O-O-O a5 12. g4 Nxe5 13. dxe5 Rd8 14. gxh5 Bf5 15.
Qd2 gxh5 16. Rhg1 Bg6 17. Rg3 Qa7 18. Bd3 Nf8 19. Qg2 Bxe5 20. Bxg6 Nxg6 21.
Rxg6+ fxg6 22. Qxg6+ 1-0

[Event "MCech mladeze 2018 - HD14"]
[Site "Harrachov"]
[Date "2018.10.31"]
[Round "6"]
[White "Mach, Petr"]
[Black "Jun, Rudolf"]
[Result "1/2-1/2"]
[WhiteElo "1869"]
[BlackElo "1880"]
[PlyCount "120"]
[EventDate "2018.10.27"]

1. d4 Nf6 2. c4 g6 3. g3 Bg7 4. Bg2 d6 5. Nc3 O-O 6. Nf3 c6 7. O-O Qa5 8. e4
Nbd7 9. h3 Qc7 10. Be3 b6 11. Rc1 Bb7 12. Nd2 e5 13. d5 Ne8 14. dxc6 Bxc6 15.
f4 f5 16. Nf3 Nc5 17. exf5 gxf5 18. Ng5 Bxg2 19. Kxg2 Qb7+ 20. Qd5+ Qxd5+ 21.
Nxd5 Kh8 22. Bxc5 bxc5 23. Ne6 Rf7 24. Nxg7 Kxg7 25. fxe5 dxe5 26. Rce1 e4 27.
g4 fxg4 28. Rxf7+ Kxf7 29. Rxe4 gxh3+ 30. Kxh3 a5 31. Re7+ Kg6 32. Re6+ Kf5 33.
Rc6 Ke4 34. Rxc5 Kd4 35. Rc6 a4 36. Nc3 Kd3 37. Nb5 Kc2 38. Rb6 Rc8 39. Na3+
Kd3 40. Kg4 Rc7 41. Rb4 Rg7+ 42. Kh4 Nf6 43. Rxa4 Ke2 44. c5 Ke3 45. Nc4+ Kd4
46. c6 Kc5 47. Ne3 Kb5 48. Rf4 Ne8 49. Nf5 Rg2 50. Re4 Nc7 51. Nd4+ Kb6 52. Ne2
Kxc6 53. Rc4+ Kb6 54. Nc3 Na6 55. b4 Kb7 56. a4 Rc2 57. a5 Nc7 58. Rc5 Na6 59.
Rb5+ Kc7 60. Nd5+ Kc6 1/2-1/2

[Event "MCech mladeze 2018 - HD14"]
[Site "Harrachov"]
[Date "2018.10.31"]
[Round "6"]
[White "Rokos, Filip"]
[Black "Prochazka, Vojtech"]
[Result "1-0"]
[WhiteElo "1962"]
[BlackElo "1601"]
[PlyCount "73"]
[EventDate "2018.10.27"]

1. e4 e5 2. Nf3 Nc6 3. Bc4 Bc5 4. c3 Nf6 5. d3 O-O 6. O-O d6 7. h3 Be6 8. Bb3
h6 9. Nbd2 Re8 10. Re1 Bb6 11. Nf1 d5 12. Qe2 Qd7 13. Ba4 Qe7 14. Ng3 dxe4 15.
dxe4 Bd7 16. Bc2 Rad8 17. Nh4 Qf8 18. Qf3 Ne7 19. Bxh6 gxh6 20. Qxf6 Nc6 21.
Nh5 Re6 22. Qf3 Rd6 23. Rad1 Be6 24. Nf5 Rd2 25. Rxd2 Rxd2 26. Re2 Rxe2 27.
Qxe2 Ne7 28. Nf6+ Kh8 29. Ng4 Bxf5 30. exf5 f6 31. Qd2 h5 32. Nh2 Qg7 33. Nf3
Qh7 34. Qd8+ Ng8 35. Bb3 c6 36. Qe8 Kg7 37. Nh4 1-0

[Event "MCech mladeze 2018 - HD14"]
[Site "Harrachov"]
[Date "2018.10.31"]
[Round "6"]
[White "Skypala, Ondrej"]
[Black "Hak, David"]
[Result "1-0"]
[WhiteElo "1702"]
[BlackElo "1946"]
[PlyCount "69"]
[EventDate "2018.10.27"]

1. d4 Nf6 2. Bf4 g6 3. Nc3 Bg7 4. e4 d6 5. Qd2 O-O 6. O-O-O c6 7. f3 b5 8. g4
Qa5 9. h4 b4 10. Nb1 Qxa2 11. h5 Rd8 12. hxg6 fxg6 13. Bh6 Bh8 14. Qxb4 Ba6 15.
Nc3 Qe6 16. d5 Qc8 17. Bh3 c5 18. Qa3 Nfd7 19. g5 Be5 20. Be6+ Kh8 21. Nce2
Bxe2 22. Nxe2 Qa6 23. Qxa6 Nxa6 24. Rh3 Nc7 25. f4 Bg7 26. Bxg7+ Kxg7 27. Rdh1
Nf8 28. Bg4 Rab8 29. f5 Rb7 30. Nf4 Rdb8 31. fxg6 hxg6 32. b3 a5 33. Rh8 c4 34.
Ne6+ Kf7 35. Rf1+ 1-0

[Event "MCech mladeze 2018 - HD14"]
[Site "Harrachov"]
[Date "2018.10.31"]
[Round "6"]
[White "Jares, Michal"]
[Black "Ret, Adam Josef"]
[Result "1-0"]
[WhiteElo "1893"]
[BlackElo "1859"]
[PlyCount "119"]
[EventDate "2018.10.27"]

1. d4 Nf6 2. Nf3 g6 3. g3 d5 4. Bg2 Bg7 5. O-O O-O 6. c4 c6 7. Nc3 e6 8. Nd2
Nbd7 9. e4 dxe4 10. Ndxe4 Nxe4 11. Nxe4 h6 12. Be3 Nf6 13. Nxf6+ Qxf6 14. Qf3
Qxf3 15. Bxf3 Rd8 16. Rfd1 Bd7 17. Rab1 Rac8 18. c5 Kh7 19. b4 a6 20. a4 Be8
21. Rb3 Bf6 22. Rbd3 g5 23. Be4+ Kg7 24. f4 Be7 25. fxg5 Bxg5 26. Bxg5 hxg5 27.
g4 f6 28. Re1 Bf7 29. Ree3 Re8 30. b5 axb5 31. axb5 Bg6 32. Bxg6 Kxg6 33. b6
Rcd8 34. Re4 e5 35. Rde3 Rd5 36. Re1 Kf7 37. dxe5 Rexe5 38. Rxe5 fxe5 39. Ra1
Rxc5 40. Ra7 Ke6 41. Rxb7 Rb5 42. Rb8 Kd6 43. b7 Kc7 44. Rg8 Kxb7 45. Rxg5 Kc7
46. h4 Kd6 47. Rg6+ Kd5 48. h5 Rb8 49. h6 Rh8 50. g5 e4 51. Kf2 Ke5 52. Rg7 Kf4
53. h7 e3+ 54. Ke2 Ra8 55. Rg8 Ra2+ 56. Kd3 Ra3+ 57. Kc4 Ra4+ 58. Kb3 e2 59.
Re8 Ra8 60. h8=Q 1-0

[Event "MCech mladeze 2018 - HD14"]
[Site "Harrachov"]
[Date "2018.10.31"]
[Round "6"]
[White "Strnadova, Monika"]
[Black "Dudek, Vojtech"]
[Result "0-1"]
[WhiteElo "1532"]
[BlackElo "2002"]
[PlyCount "74"]
[EventDate "2018.10.27"]

1. d4 Nf6 2. Bf4 g6 3. Nc3 d5 4. Qd2 Bg7 5. O-O-O O-O 6. Nf3 Nbd7 7. h4 c5 8.
Bh6 cxd4 9. Nxd4 e5 10. Bxg7 Kxg7 11. Nb3 d4 12. Nb5 Ne4 13. Qe1 a6 14. Na3 Qc7
15. f3 Nec5 16. e3 Nxb3+ 17. axb3 Nc5 18. Kb1 Ne6 19. Bc4 Rd8 20. h5 b5 21.
hxg6 hxg6 22. Bd3 Bb7 23. Qh4 Rh8 24. Qg4 Qe7 25. exd4 exd4 26. Rxh8 Rxh8 27.
Re1 Qh4 28. Qxh4 Rxh4 29. Rg1 Rh5 30. c3 Rg5 31. Be2 Nf4 32. Bd1 d3 33. b4 Ne2
34. Bxe2 dxe2 35. Nc2 Bxf3 36. Ne1 Be4+ 37. Kc1 Rd5 0-1

[Event "MCech mladeze 2018 - HD14"]
[Site "Harrachov"]
[Date "2018.10.31"]
[Round "6"]
[White "Brozka, Karel"]
[Black "Pecka, Jan"]
[Result "1-0"]
[WhiteElo "1717"]
[BlackElo "1515"]
[PlyCount "65"]
[EventDate "2018.10.27"]

1. d4 d5 2. Nf3 Nf6 3. c4 e6 4. Nc3 Be7 5. Bg5 Nbd7 6. e3 O-O 7. cxd5 exd5 8.
Bd3 c6 9. O-O Ne4 10. Bxe7 Qxe7 11. Qc2 f5 12. Rab1 Ndf6 13. b4 Nxc3 14. Qxc3
Ne4 15. Qc2 Bd7 16. Rfc1 Rac8 17. Ne5 Nd6 18. a4 a6 19. Qe2 b5 20. f4 Nc4 21.
Rf1 Be8 22. Kh1 Kh8 23. Rg1 h5 24. Qf2 Rf6 25. Qg3 Kh7 26. Qh3 Qe6 27. g4 g6
28. gxf5 gxf5 29. Rg5 Nd6 30. Rbg1 Ne4 31. Bxe4 dxe4 32. Qg3 Kh6 33. Rxh5+ 1-0

[Event "MCech mladeze 2018 - HD14"]
[Site "Harrachov"]
[Date "2018.10.31"]
[Round "6"]
[White "Langmajer, Jan"]
[Black "Matejicek, Vojtech"]
[Result "0-1"]
[WhiteElo "1464"]
[BlackElo "1588"]
[PlyCount "56"]
[EventDate "2018.10.27"]

1. e4 c5 2. Nf3 Nc6 3. Nc3 Nf6 4. e5 Ng4 5. Qe2 g6 6. h3 Nh6 7. g4 Bg7 8. d3
O-O 9. Bd2 d6 10. exd6 exd6 11. O-O-O Re8 12. Be3 Nd4 13. Nxd4 cxd4 14. Nb1
dxe3 15. fxe3 Qb6 16. d4 Be6 17. Nc3 Kh8 18. Qf3 Rac8 19. g5 Nf5 20. h4 Nxe3
21. Qxe3 Bg4 22. Qd3 Bxd1 23. Qxd1 Qxd4 24. Qxd4 Bxd4 25. Nb5 Bc5 26. Bg2 Re2
27. Bxb7 Be3+ 28. Kb1 Rcxc2 0-1

[Event "MCech mladeze 2018 - HD14"]
[Site "Harrachov"]
[Date "2018.10.31"]
[Round "6"]
[White "Juchelka, Marek"]
[Black "Stocek, Martin"]
[Result "1/2-1/2"]
[WhiteElo "1453"]
[BlackElo "1575"]
[PlyCount "34"]
[EventDate "2018.10.27"]

1. e4 e5 2. Nf3 Nf6 3. Nxe5 d6 4. Nf3 Nxe4 5. d3 Nf6 6. Qe2+ Qe7 7. Bg5 Qxe2+
8. Bxe2 Be7 9. O-O O-O 10. Nc3 c6 11. Ne4 Nxe4 12. Bxe7 Re8 13. dxe4 Rxe7 14.
Bd3 Be6 15. Rfe1 Nd7 16. c3 Rd8 17. Bc2 Ne5 1/2-1/2

[Event "MCech mladeze 2018 - HD14"]
[Site "Harrachov"]
[Date "2018.10.31"]
[Round "6"]
[White "Vaclavik, Jan"]
[Black "Hampl, David"]
[Result "1-0"]
[WhiteElo "1544"]
[BlackElo "1433"]
[PlyCount "49"]
[EventDate "2018.10.27"]

1. e4 c5 2. Nf3 Nc6 3. d4 cxd4 4. Nxd4 Nf6 5. Nc3 g6 6. Be3 Bg7 7. Bc4 Qa5 8.
O-O Ng4 9. Nxc6 bxc6 10. Qxg4 d5 11. Qe2 d4 12. Bxd4 Bxd4 13. Bxf7+ Kf8 14. Bc4
Bxc3 15. bxc3 Qxc3 16. Rab1 Kg7 17. Rb3 Qe5 18. f4 Qd4+ 19. Kh1 Bg4 20. Qxg4
Qxc4 21. Qf3 Qxc2 22. f5 Rhf8 23. Rb7 Rf7 24. Rxe7 Qxa2 25. fxg6 1-0

[Event "MCech mladeze 2018 - HD14"]
[Site "Harrachov"]
[Date "2018.10.31"]
[Round "6"]
[White "Flajsman, Petr"]
[Black "Kulhanek, Jachym"]
[Result "1-0"]
[WhiteElo "1751"]
[BlackElo "1553"]
[PlyCount "107"]
[EventDate "2018.10.27"]

1. e4 c5 2. Nf3 d6 3. d4 cxd4 4. Nxd4 Nf6 5. Nc3 g6 6. Be3 Bg7 7. f3 O-O 8. Qd2
Bd7 9. O-O-O Nc6 10. g4 Rc8 11. h4 h5 12. g5 Ne8 13. f4 Kh7 14. Be2 Nxd4 15.
Bxd4 a6 16. Rdf1 Bc6 17. Rh2 Qa5 18. Kb1 Qb4 19. Bxg7 Nxg7 20. a3 Qc5 21. Bd3
e6 22. Qf2 Bd7 23. Qxc5 Rxc5 24. Rd2 b5 25. Be2 Ne8 26. Rfd1 Bc6 27. Rd3 Bb7
28. Bf3 Kg7 29. Ne2 Rg8 30. Nc1 Kf8 31. Nb3 Rc7 32. Na5 Ba8 33. Rc1 Ke7 34. c4
Ng7 35. cxb5 Rxc1+ 36. Kxc1 Rc8+ 37. Kd2 axb5 38. Nb3 e5 39. fxe5 dxe5 40. Nc1
Ne6 41. Ne2 Nc5 42. Rc3 Bxe4 43. Rxc5 Rxc5 44. Bxe4 f5 45. gxf6+ Kxf6 46. Nc3
Rc4 47. Ke3 b4 48. axb4 Rd4 49. b5 Kg7 50. Nd5 Rd1 51. b6 Re1+ 52. Kf3 Rf1+ 53.
Ke2 Rf7 54. Nc7 1-0

[Event "MCech mladeze 2018 - HD14"]
[Site "Harrachov"]
[Date "2018.10.31"]
[Round "6"]
[White "Ruzicka, Filip"]
[Black "Gloser, Tomas"]
[Result "1-0"]
[WhiteElo "1699"]
[BlackElo "1316"]
[PlyCount "95"]
[EventDate "2018.10.27"]

1. e4 c5 2. d4 cxd4 3. c3 dxc3 4. Nxc3 Nc6 5. Bc4 Nf6 6. Nf3 d6 7. O-O g6 8.
Qe2 Nd7 9. Rd1 a6 10. Bf4 Bg7 11. Rac1 O-O 12. a3 Nde5 13. Nxe5 Nxe5 14. Ba2
Bd7 15. Bg5 Nc6 16. Nd5 Re8 17. b4 Nd4 18. Qe3 Ne6 19. Nb6 Rb8 20. Rxd6 Bd4 21.
Rxd4 Nxd4 22. Qxd4 Bc6 23. Qxd8 Rbxd8 24. Bd5 Bxd5 25. Nxd5 Rd7 26. f3 f6 27.
Bf4 Kf7 28. Kf2 b5 29. Rc6 Ra7 30. Be3 Raa8 31. Nb6 Rad8 32. Ke2 h5 33. Rc7 Rd6
34. Bc5 Re6 35. Nd5 f5 36. Nf4 Rf6 37. e5 Re6 38. Nxe6 Kxe6 39. f4 Kd5 40. Kd3
e6 41. Ra7 Rd8 42. Rxa6 Rd7 43. Rd6+ Rxd6 44. exd6 Kc6 45. Kd4 Kd7 46. Ke5 h4
47. h3 Ke8 48. Kxe6 1-0

[Event "MCech mladeze 2018 - HD14"]
[Site "Harrachov"]
[Date "2018.10.31"]
[Round "6"]
[White "Merinsky, Vaclav"]
[Black "Trasakova, Adela"]
[Result "1/2-1/2"]
[WhiteElo "1686"]
[BlackElo "1293"]
[PlyCount "49"]
[EventDate "2018.10.27"]

1. c4 c6 2. d4 d5 3. e3 Nf6 4. Nc3 e6 5. Nf3 Bd6 6. Qc2 Nbd7 7. c5 Bc7 8. Bd2
O-O 9. Bd3 e5 10. dxe5 Nxe5 11. Nxe5 Bxe5 12. f4 Bc7 13. O-O Re8 14. Rae1 d4
15. Ne4 dxe3 16. Nxf6+ Qxf6 17. Bxe3 h6 18. Kh1 Be6 19. b3 Bd5 20. Qf2 Qe7 21.
Bb1 Rad8 22. Bd4 Qf8 23. Qc2 f5 24. Rxe8 Rxe8 25. h3 1/2-1/2

[Event "MCech mladeze 2018 - HD14"]
[Site "Harrachov"]
[Date "2018.10.31"]
[Round "6"]
[White "Svacina, Tobias"]
[Black "Bauer, Jan"]
[Result "0-1"]
[WhiteElo "1412"]
[BlackElo "1620"]
[PlyCount "38"]
[EventDate "2018.10.27"]

1. e4 e6 2. d4 d5 3. e5 c5 4. c3 Bd7 5. Nf3 Nc6 6. Bd3 cxd4 7. cxd4 Qb6 8. O-O
Nxd4 9. Nxd4 Qxd4 10. Nc3 a6 11. Qe2 Ne7 12. Kh1 Ng6 13. f4 Bc5 14. Bd2 O-O 15.
a3 Ba7 16. Rae1 f5 17. Be3 Qxe3 18. Qxe3 Bxe3 19. Rxe3 d4 0-1

[Event "MCech mladeze 2018 - HD14"]
[Site "Harrachov"]
[Date "2018.10.31"]
[Round "6"]
[White "Papousek, Michal"]
[Black "Podlipsky, Petr"]
[Result "1-0"]
[WhiteElo "1587"]
[BlackElo "1460"]
[PlyCount "69"]
[EventDate "2018.10.27"]

1. c4 c5 2. Nc3 g6 3. g3 Bg7 4. Bg2 Nc6 5. e3 d6 6. Nge2 Nf6 7. O-O O-O 8. a3
Be6 9. d3 Qd7 10. Rb1 a6 11. b4 cxb4 12. axb4 Bf5 13. e4 Bh3 14. Be3 Bxg2 15.
Kxg2 Rfc8 16. Na4 Qc7 17. Nb6 Ne5 18. Nxa8 Rxa8 19. Qb3 Rc8 20. Rfc1 Nfd7 21.
b5 axb5 22. cxb5 Nc5 23. Bxc5 dxc5 24. Nf4 e6 25. b6 Qd6 26. Rd1 Rd8 27. Rd2 c4
28. Qc2 cxd3 29. Qc7 Bh6 30. Rb3 Bxf4 31. gxf4 Nc6 32. Rbxd3 Qxd3 33. Rxd3 Rxd3
34. Qxb7 Na5 35. Qa8+ 1-0

[Event "MCech mladeze 2018 - HD14"]
[Site "Harrachov"]
[Date "2018.10.31"]
[Round "6"]
[White "Pulpan, Ondrej"]
[Black "Studenovsky, Jaroslav"]
[Result "1/2-1/2"]
[WhiteElo "1571"]
[BlackElo "1285"]
[PlyCount "35"]
[EventDate "2018.10.27"]

1. e4 e6 2. d4 d5 3. exd5 exd5 4. Bd3 c5 5. dxc5 Bxc5 6. Ne2 Ne7 7. O-O O-O 8.
Nd2 Nbc6 9. Nb3 Bb6 10. c3 Bf5 11. Qc2 Qd7 12. Bxf5 Qxf5 13. Qxf5 Nxf5 14. Rd1
Rfe8 15. Kf1 Rad8 16. Ned4 Ncxd4 17. cxd4 Rc8 18. g4 1/2-1/2

[Event "MCech mladeze 2018 - HD14"]
[Site "Harrachov"]
[Date "2018.10.31"]
[Round "6"]
[White "Soucek, Petr"]
[Black "Beran, Jakub"]
[Result "1-0"]
[WhiteElo "1497"]
[BlackElo "1663"]
[PlyCount "61"]
[EventDate "2018.10.27"]

1. d4 d5 2. c4 e6 3. Nf3 Nf6 4. g3 Nc6 5. Bg2 dxc4 6. e3 Bb4+ 7. Bd2 Bxd2+ 8.
Nbxd2 O-O 9. O-O Bd7 10. Nxc4 Qe7 11. Rc1 Rac8 12. a3 Rfd8 13. Qc2 b5 14. Ncd2
b4 15. Qc5 Qxc5 16. Rxc5 Rb8 17. Ne1 Ne7 18. Rxc7 Ned5 19. Rc1 Bb5 20. Nc4 Rdc8
21. b3 bxa3 22. Nc2 Bxc4 23. bxc4 Rxc4 24. Nxa3 Rcc8 25. Nc4 Kf8 26. Ne5 a5 27.
Bxd5 Nxd5 28. Nd7+ Ke7 29. Nxb8 Rxb8 30. e4 Nb4 31. Rc7+ 1-0

[Event "MCech mladeze 2018 - HD14"]
[Site "Harrachov"]
[Date "2018.10.31"]
[Round "6"]
[White "Husa, Daniel"]
[Black "Maresova, Michaela"]
[Result "1-0"]
[WhiteElo "1605"]
[BlackElo "1327"]
[EventDate "2018.10.27"]
[PlyCount "133"]

1. d4 d5 2. Nf3 Nf6 3. g3 e6 4. Bg2 c5 5. c4 dxc4 6. O-O Be7 7. dxc5 Qxd1 8.
Rxd1 Bxc5 9. Nbd2 O-O 10. Nxc4 Nc6 11. Bf4 Bd7 12. Bd6 Bxd6 13. Nxd6 Rab8 14.
Rac1 Rfd8 15. Nd4 Nxd4 16. Rxd4 b6 17. Rc7 a5 18. f4 g6 19. e4 Be8 20. e5 Ng4
21. Rd3 b5 22. Ra7 a4 23. Rc3 Rb6 24. Rcc7 Nh6 25. Be4 Rbb8 26. h3 Rb6 27. g4
Rbb8 28. Kf2 Rb6 29. Ke2 Rbb8 30. g5 Nf5 31. Bxf5 exf5 32. Nxe8 Rxe8 33. Rxf7
Re6 34. Rg7+ Kf8 35. Rxh7 Kg8 36. Rhb7 Rxb7 37. Rxb7 Rc6 38. Rxb5 Rc4 39. Ke3
Re4+ 40. Kf3 Rd4 41. Ra5 Rd3+ 42. Ke2 Rd4 43. Ke3 Re4+ 44. Kf3 Rd4 45. Rc5 Rd3+
46. Ke2 Rxh3 47. Ra5 Rh2+ 48. Kf3 Rxb2 49. Rxa4 Rc2 50. Ke3 Kf7 51. Kd4 Rd2+
52. Kc5 Rc2+ 53. Kb4 Rf2 54. Ka5 Rb2 55. a3 Rb3 56. Ka6 Ke6 57. Ka7 Kf7 58. Ra6
Rb2 59. Rb6 Ra2 60. Rb3 Ke6 61. Kb6 Kf7 62. Kb5 Rf2 63. Rb4 Rd2 64. a4 Rd5+ 65.
Kb6 Rd3 66. a5 Re3 67. a6 1-0

[Event "MCech mladeze 2018 - HD14"]
[Site "Harrachov"]
[Date "2018.10.31"]
[Round "6"]
[White "Vestfal, Jan"]
[Black "Starikova, Vassilina"]
[Result "0-1"]
[WhiteElo "1593"]
[BlackElo "1327"]
[EventDate "2018.10.27"]
[PlyCount "104"]

1. e4 e5 2. Nf3 Nc6 3. Bc4 Bc5 4. c3 d6 5. d4 Bb6 6. dxe5 Nxe5 7. Nxe5 dxe5 8.
Bxf7+ Ke7 9. Qxd8+ Kxd8 10. O-O Nf6 11. Bg5 Rf8 12. Rd1+ Ke7 13. Bb3 h6 14.
Bxf6+ Rxf6 15. Rf1 Bd7 16. Nd2 Bc6 17. Bd5 Bxd5 18. exd5 Rd8 19. c4 c6 20. d6+
Rfxd6 21. Nb3 Rf6 22. c5 Bc7 23. Rae1 Kf7 24. Rd1 Re8 25. Rfe1 Rf4 26. g3 Rc4
27. Re2 a5 28. Rc1 Rxc1+ 29. Nxc1 Rd8 30. Kf1 Rd5 31. Rc2 Bd8 32. a3 Bg5 33.
Ke2 Ke6 34. h4 Be7 35. Nd3 Rd4 36. Ke3 Kd5 37. b3 h5 38. f3 g5 39. hxg5 Bxg5+
40. f4 exf4+ 41. gxf4 Bf6 42. Rg2 Re4+ 43. Kd2 Ke6 44. Rg8 Kd7 45. Rg6 Ke6 46.
Rg8 Kf5 47. Rb8 Re7 48. Ra8 h4 49. Rxa5 h3 50. Ra4 h2 51. Nf2 Bh4 52. Nh1 Re1
0-1